[Event "GER-ch U25 op-B"]
[Site "Oberhof"]
[Date "2013.05.22"]
[Round "6"]
[White "Morio, Estelle"]
[Black "Gose, Paul Lukas"]
[Result "1/2-1/2"]
[WhiteElo "1322"]
[BlackElo "1475"]
[PlyCount "68"]
[EventDate "2013.05.19"]
[EventType "swiss"]
[EventRounds "9"]
[EventCountry "GER"]
[SourceTitle "CBM 154 Extra"]
[Source "ChessBase"]
[SourceDate "2013.06.25"]
[SourceVersion "2"]
[SourceVersionDate "2013.06.25"]
[SourceQuality "1"]

1. f4 Nf6 2. b3 g6 3. Bb2 Bg7 4. Nf3 Nc6 5. e3 0-0 6. Be2 d5 7. 0-0 Bf5 8. Na3 a6 9. c4 e6 10. Nh4 Ne4 11. Bxg7 Kxg7 12. Nxf5+ exf5 13. d3 Nc3 14. Qd2 d4 15. Nc2 Nxe2+ 16. Qxe2 dxe3 17. Qxe3 Re8 18. Qd2 Qd6 19. Rae1 Rad8 20. Rxe8 Rxe8 21. d4 Re4 22. d5 Qc5+ 23. Qf2 Qxf2+ 24. Rxf2 Nd4 25. Nxd4 Rxd4 26. g3 c6 27. dxc6 bxc6 28. Re2 Kf6 29. Kf2 h6 30. Ke3 c5 31. Rd2 Rxd2 32. Kxd2 Ke6 33. a3 a5 34. Kc3 Kd6 1/2-1/2

[Event "Sachsen-ch U14"]
[Site "Sebnitz"]
[Date "2011.04.28"]
[Round "4"]
[White "Kreyssig, Robert"]
[Black "Gose, Paul Lukas"]
[Result "1-0"]
[WhiteElo "1842"]
[BlackElo "1142"]
[PlyCount "81"]
[EventDate "2011.04.26"]
[EventType "swiss"]
[EventRounds "7"]
[EventCountry "GER"]
[SourceTitle "EXT 2012"]
[Source "ChessBase"]
[SourceDate "2011.11.24"]
[SourceVersion "1"]
[SourceVersionDate "2011.11.24"]
[SourceQuality "1"]

1. d4 Nf6 2. c4 e6 3. Nf3 Bb4+ 4. Nbd2 c5 5. e3 cxd4 6. exd4 d5 7. c5 Ne4 8. Bd3 Nc6 9. 0-0 Nxd2 10. Bxd2 Bxd2 11. Qxd2 b6 12. b4 bxc5 13. bxc5 Rb8 14. Rab1 Bd7 15. Qf4 0-0 16. Bb5 f6 17. Qd6 Qc8 18. a4 Rf7 19. Bxc6 Rxb1 20. Rxb1 Rf8 21. Qxd7 Qxd7 22. Bxd7 Rd8 23. Bxe6+ Kf8 24. c6 Rd6 25. c7 Rc6 26. c8Q+ Rxc8 27. Bxc8 a5 28. Rb5 g5 29. Rxd5 g4 30. Bxg4 h5 31. Bxh5 Ke7 32. Rxa5 Ke6 33. Rc5 f5 34. a5 f4 35. a6 Kd6 36. a7 Ke6 37. a8Q Kd6 38. Qc6+ Ke7 39. Re5+ Kf8 40. Qc7 Kg8 41. Re8# 1-0